000 00696cam a22002651 4500
001 sa 65000292
003 DLC
005 20260227112102.0
008 890724s1962 ii b 000 0 beno
010 _asa 65000292
035 _a(OCoLC)20062763
040 _aDLC
_cWaU
_dDLC
042 _apremarc
043 _aa-ii---
050 0 0 _aPK2907.S4
_bM5
100 1 _aMisra, Harihar.
245 1 0 _aKāntā o kābya.
260 _c[1962?]
300 _a21, 144 p.
_c22 cm.
500 _aIn Bengali.
504 _aBibliography: p. [19]-21.
650 0 _aSanskrit literature
_xHistory and criticism.
650 0 _aBengali literature
_xHistory and criticism.
650 0 _aSex in literature.
999 _c61480
_d61480